00526nam a2200157 4500001000700000003000900007005001700016007000300033008004100036100003000077245014400107260004800251300003200299700001600331852002100347139324ES-MaACL20230906195751.0t|070214s1911 sp r ||||1| spa d1 aSarthou Carreres, Carlos.10aImpresiones de mi tierra b: (notas de turismo por la provincia de Castellón) / cCarlos Sarthou Carreres ; prólogo del Dr. M. Lassala. aBurriana (Valencia) : bA. Monreal, c1911. a252 p., 3 lám. ; c22 cm.1 aLassala, M. aES-MaACLjG-3786